000 01199cam a2200205 4500
001 WB3701-04
008 000000n2000 000 0 eng u
035 _a(Sirsi) u110016
245 _aPeople issues tackled
260 _c2000
490 _aConstruction Monitor
_vDecember 2000, 3(1)
520 _aIn an attempt to tackle the issue of properly valuing the construction industry's workforce the construction minister and Movement for Innovation chairman have urged firms to volunteer to trial the new 'people issues' toolkits, which have been published alongside the M4I Respect for People working group report "A commitment to people: our biggest asset". The toolkits take the form of checklists and scoring systems for use as a benchmarking tool addressing six 'action themes'. The report can be downloaded from http://www.rethinkingconstruction.org, whilst anyone interested in taking part in the trial should contact Adrian Terry. Email: [email protected].
590 _aWB
650 _aMOVEMENT FOR INNOVATION
650 _aKEY PERFORMANCE INDICATORS
650 _aCONSTRUCTION WORKERS
650 _aEGAN REFORMS
690 _aBUILT ENVIRONMENT
942 _n0
999 _c65621
_d65621